Подробности
| 000 -МАРКЕР |
| контрольное поле |
01642nam0a22003251 4500 |
| 001 - ИДЕНТИФИКАТОР ЗАПИСИ |
| контрольное поле |
rc\2877833 |
| 005 - ИДЕНТИФИКАТОР ВЕРСИИ |
| контрольное поле |
20241004101128.0 |
| 035 ## - ДРУГИЕ СИСТЕМНЫЕ НОМЕРА |
| Идентификатор записи |
(NLR Aleph) 007030859 |
| 100 ## - ДАННЫЕ ОБЩЕЙ ОБРАБОТКИ |
| Данные общей обработки |
20110718d1927 |||y0rusy50 ca |
| 101 0# - ЯЗЫК РЕСУРСА |
| Язык текста, звукозаписи и т.д. |
русский |
| 102 ## - СТРАНА ПУБЛИКАЦИИ ИЛИ ПРОИЗВОДСТВА |
| Страна публикации |
Российская Федерация |
| 105 ## - ПОЛЕ КОДИРОВАННЫХ ДАННЫХ: ТЕКСТОВЫЕ МАТЕРИАЛЫ, МОНОГРАФИЧЕСКИЕ |
| Кодированные данные о монографическом текстовом документе |
y z ||||| |
| 200 1# - ЗАГЛАВИЕ И СВЕДЕНИЯ ОБ ОТВЕТСТВЕННОСТИ |
| Основное заглавие |
Письма к брату |
| Сведения, относящиеся к заглавию |
Избранные места |
| Первые сведения об ответственности |
М.О. Гершензон |
| Последующие сведения об ответственности |
Вступ. статья и примеч. М. Цявловского |
| 210 ## - ПУБЛИКАЦИЯ, РАСПРОСТРАНЕНИЕ И ДР. |
| Место издания, распространения и т.д. |
[Москва] |
| Имя издателя, распространителя и т. д. |
М. и С. Сабашниковы |
| Дата издания, распространения и т.д. |
1927 |
| Место изготовления |
Ленинград |
| Имя изготовителя |
гос. тип. им. Ив. Федорова |
| 215 ## - ФИЗИЧЕСКАЯ ХАРАКТЕРИСТИКА |
| Специфическое обозначение материала и объем |
VII, 231 с., [1] с. объявл. |
| Размеры |
24х16 см |
| 225 1# - СЕРИЯ |
| Основное заглавие серии |
Записи прошлого |
| Сведения об ответственности |
Под ред. С.В. Бахрушина и М.А. Цявловского |
| Основное заглавие серии |
Воспоминания и письма |
| 300 ## - ОБЩИЕ ПРИМЕЧАНИЯ |
| Текст примечания |
Обложка: А. К[равченко] |
| 320 ## - ПРИМЕЧАНИЯ О НАЛИЧИИ В ДОКУМЕНТЕ БИБЛИОГРАФИИ / УКАЗАТЕЛЯ |
| Текст примечания |
Библиогр.: указания трудов М.О. Гершензона в "Предисловии" |
| 700 #1 - ИМЯ ЛИЦА - ПЕРВИЧНАЯ ОТВЕТСТВЕННОСТЬ |
| Начальный элемент ввода |
Гершензон |
| Часть имени, кроме начального элемента ввода |
М. О. |
| Даты |
1869-1925 |
| Расширение инициалов личного имени |
Михаил Осипович |
| Идентификатор авторитетной/нормативной записи |
RU\NLR\AUTH\772760 |
| 702 #1 - ИМЯ ЛИЦА - ВТОРИЧНАЯ ОТВЕТСТВЕННОСТЬ |
| Начальный элемент ввода |
Цявловский |
| Часть имени, кроме начального элемента ввода |
М. А. |
| Даты |
1883-1947 |
| Расширение инициалов личного имени |
Мстислав Александрович |
| Идентификатор авторитетной/нормативной записи |
RU\NLR\AUTH\7799683 |
| Код отношения |
Прочие |
| 702 #1 - ИМЯ ЛИЦА - ВТОРИЧНАЯ ОТВЕТСТВЕННОСТЬ |
| Начальный элемент ввода |
Кравченко |
| Часть имени, кроме начального элемента ввода |
А. И. |
| Даты |
1889-1940 |
| Расширение инициалов личного имени |
Алексей Ильич |
| Идентификатор авторитетной/нормативной записи |
RU\NLR\AUTH\770267649 |
| Код отношения |
Прочие |
| 702 #1 - ИМЯ ЛИЦА - ВТОРИЧНАЯ ОТВЕТСТВЕННОСТЬ |
| Начальный элемент ввода |
Бахрушин |
| Часть имени, кроме начального элемента ввода |
С. В. |
| Даты |
1882-1950 |
| Расширение инициалов личного имени |
Сергей Владимирович |
| Идентификатор авторитетной/нормативной записи |
RU\NLR\AUTH\7718363 |
| Код отношения |
Редактор |
| 801 #0 - ИСТОЧНИК ЗАПИСИ |
| Страна |
Российская Федерация |
| Организация |
NLR |
| Правила каталогизации |
psbo |
| 801 #1 - ИСТОЧНИК ЗАПИСИ |
| Страна |
Российская Федерация |
| Организация |
ELAR |
| Источник данных |
rusmarc |
| 852 ## - МЕСТОНАХОЖДЕНИЕ И ШИФР ХРАНЕНИЯ |
| Идентификатор организации |
NLR |
| Шифр хранения (Call Number) |
43/343 |
| 852 ## - МЕСТОНАХОЖДЕНИЕ И ШИФР ХРАНЕНИЯ |
| Идентификатор организации |
NLR |
| Наименование фонда или коллекции (Sub-Location Identifier) |
Мф |
| Шифр хранения (Call Number) |
К1/6599 |
| 942 ## - ДОПОЛНИТЕЛЬНЫЕ ЭЛЕМЕНТЫ ЗАПИСИ (АБИС) |
| Тип экземпляра АБИС |
Книга |
| 980 ## - КОЛЛЕКЦИЯ |
| Название коллекции |
Национальная библиография |